Skoczkowie narciarscy z podium PŚ od sezonu 2000/2001 - Statystyki

Ogólne statystyki
  • Ten quiz został rozwiązany 397 razy
    213 od ostatniego zresetowania
  • Średni wynik to 73 z 125
Statystyki odpowiedzi
Wygrane 2. miejsca 3. miejsca Pierwsze podium Ostatnie podium Narodowość Zawodnik % Poprawnych
39 21 19 Zakopane 2010/11 Klingenthal 2020/21 Polska Kamil Stoch
97%
43 35 40 Bischofshofen 2012/13 Vikersund 2023/24 Austria Stefan Kraft
96%
36 24 24 Garmisch-Partenkirchen 2000/01 Planica 2010/11 Polska Adam Małysz
93%
11 9 18 Oberstdorf (duża) 2017/18 Lillehammer 2022/23 Polska Dawid Kubacki
93%
53 20 15 Lillehammer 2006/07 Niżny Tagił 2014/15 Austria Gregor Schlierenzauer
92%
23 23 13 Kuopio 2000/01 Bischofshofen 2009/10 Finlandia Janne Ahonen
92%
2 7 14 Oslo 2012/13 Planica 2022/23 Polska Piotr Żyła
92%
24 23 15 Planica 2012/13 Planica 2023/24 Słowenia Peter Prevc
90%
23 31 26 Engelberg 2001/02 Bad Mitterndorf 2017/18 Szwajcaria Simon Ammann
90%
5 5 20 Kuopio 2000/01 Planica 2016/17 Japonia Noriaki Kasai
87%
6 4 4 Engelberg 2015/16 Planica 2023/24 Słowenia Domen Prevc
86%
25 13 3 Ruka 2020/21 Vikersund 2022/23 Norwegia Halvor Egner Granerud
86%
2 1 0 Lillehammer 2016/17 Pjongczang 2016/17 Polska Maciej Kot
85%
32 22 12 Wisła 2018/19 Trondheim (normalna) 2023/24 Japonia Ryōyū Kobayashi
84%
23 29 24 Liberec 2002/03 Bischofshofen 2013/14 Austria Thomas Morgenstern
84%
22 15 16 Sapporo 2010/11 Ruka 2016/17 Niemcy Severin Freund
83%
7 19 12 Soczi 2012/13 Lahti 2023/24 Niemcy Andreas Wellinger
81%
15 13 11 Lahti (normalna) 2015/16 Klingenthal 2023/24 Niemcy Karl Geiger
80%
1 0 0 Klingenthal 2013/14 - Polska Krzysztof Biegun
79%
6 17 9 Wisła 2019/20 Zakopane 2023/24 Słowenia Anže Lanišek
78%
6 7 7 Liberec 2002/03 Lahti (duża) 2005/06 Czechy Jakub Janda
78%
1 0 1 Engelberg 2013/14 Engelberg 2013/14 Polska Jan Ziobro
78%
1 0 0 Wisła 2017/18 - Japonia Junshirō Kobayashi
78%
5 2 4 Harrachov 2010/11 Wisła 2015/16 Czechy Roman Koudelka
78%
12 8 4 Kuopio 2000/01 Planica 2002/03 Niemcy Sven Hannawald
77%
5 6 7 Vikersund 2014/15 Planica 2023/24 Norwegia Johann André Forfang
76%
7 13 14 Oslo 2006/07 Kuopio 2014/15 Norwegia Anders Bardal
75%
12 13 11 Titisee-Neustadt 2002/03 Engelberg 2016/17 Austria Andreas Kofler
75%
0 0 1 Willingen 2021/22 - Słowenia Cene Prevc
75%
4 6 7 Bischofshofen 2004/05 Ruka 2014/15 Japonia Daiki Itō
75%
8 12 3 Lillehammer 2011/12 Willingen 2017/18 Niemcy Richard Freitag
75%
7 6 14 Lahti (duża) 2001/02 Planica 2015/16 Słowenia Robert Kranjec
75%
0 0 2 Lahti 2023/24 Planica 2023/24 Polska Aleksander Zniszczoł
74%
8 12 7 Klingenthal 2015/16 Willingen 2022/23 Norwegia Daniel-André Tande
74%
3 12 13 Lillehammer 2016/17 Sapporo 2022/23 Niemcy Markus Eisenbichler
74%
0 1 1 Klingenthal 2023/24 Willingen 2023/24 Szwajcaria Gregor Deschwanden
73%
7 5 5 Kuopio 2000/01 Zakopane 2008/09 Niemcy Martin Schmitt
72%
3 4 9 Innsbruck 2016/17 Oslo 2021/22 Norwegia Robert Johansson
71%
4 3 6 Sapporo 2018/19 Vikersund 2023/24 Słowenia Timi Zajc
70%
8 4 10 Bischofshofen 2002/03 Ruka 2009/10 Norwegia Bjørn Einar Romøren
69%
8 5 10 Klingenthal 2019/20 Lake Placid 2023/24 Norwegia Marius Lindvik
69%
1 1 1 Innsbruck 2016/17 Oberstdorf (loty) 2018/19 Rosja Jewgienij Klimow
68%
2 0 1 Ruka 2002/03 Garmisch-Partenkirchen 2002/03 Słowenia Primož Peterka
67%
4 9 7 Salt Lake City 2000/01 Engelberg 2010/11 Austria Wolfgang Loitzl
67%
10 10 8 Ruka 2006/07 Garmisch-Partenkirchen 2014/15 Norwegia Anders Jacobsen
66%
3 2 6 Engelberg 2019/20 Trondheim (duża) 2023/24 Austria Jan Hörl
66%
1 0 2 Kuopio 2001/02 Sapporo 2004/05 Japonia Kazuyoshi Funaki
66%
0 1 0 Zakopane 2020/21 - Polska Andrzej Stękała
65%
5 7 11 Engelberg 2001/02 Planica 2011/12 Austria Martin Koch
65%
5 7 12 Wisła 2013/14 Innsbruck 2023/24 Austria Michael Hayböck
65%
2 1 1 Sapporo 2012/13 Harrachov 2012/13 Czechy Jan Matura
64%
16 9 12 Kuopio 2000/01 Oberstdorf (duża) 2010/11 Finlandia Matti Hautamäki
64%
2 1 1 Zakopane 2018/19 Planica 2021/22 Japonia Yukiya Satō
64%
5 4 6 Liberec 2003/04 Lillehammer 2007/08 Szwajcaria Andreas Küttel
63%
11 12 6 Sapporo 2002/03 Zakopane 2006/07 Norwegia Roar Ljøkelsøy
63%
4 6 2 Lillehammer 2012/13 Bischofshofen 2017/18 Norwegia Anders Fannemel
62%
0 3 6 Garmisch-Partenkirchen 2000/01 Ruka 2012/13 Rosja Dmitrij Wasiljew
62%
2 1 4 Harrachov 2012/13 Oberstdorf (mamut) 2016/17 Słowenia Jurij Tepeš
62%
1 1 1 Ruka 2023/24 Engelberg 2023/24 Niemcy Pius Paschke
62%
2 0 1 Oberstdorf (duża) 2013/14 Bischofshofen 2013/14 Austria Thomas Diethart
62%
3 2 2 Garmisch-Partenkirchen 2008/09 Bad Mitterndorf 2009/10 Finlandia Harri Olli
61%
0 1 0 Niżny Tagił 2019/20 - Szwajcaria Killian Peier
61%
0 1 4 Oberstdorf 2010/11 Lillehammer 2022/23 Austria Manuel Fettner
61%
3 3 2 Engelberg 2018/19 Planica 2023/24 Austria Daniel Huber
60%
0 1 4 Lake Placid 2022/23 Trondheim (duża) 2023/24 Austria Daniel Tschofenig
60%
2 2 4 Willingen 2006/07 Ruka 2017/18 Słowenia Jernej Damjan
60%
2 1 1 Garmisch-Partenkirchen 2021/22 Lahti 2023/24 Słowenia Lovro Kos
60%
3 2 2 Lahti (duża) 2005/06 Planica 2007/08 Finlandia Janne Happonen
57%
0 1 4 Trondheim 2000/01 Garmisch-Partenkirchen 2002/03 Austria Andreas Goldberger
55%
0 0 1 Râșnov 2019/20 - Niemcy Constantin Schmid
55%
0 2 2 Innsbruck 2011/12 Lahti (normalna) 2015/16 Japonia Taku Takeuchi
55%
2 5 7 Kuopio 2000/01 Zakopane 2010/11 Niemcy Michael Uhrmann
53%
1 4 3 Oberstdorf (loty) 2012/13 Trondheim 2018/19 Norwegia Andreas Stjernen
52%
1 0 0 Innsbruck 2013/14 - Finlandia Anssi Koivuranta
52%
1 2 3 Pragelato 2008/09 Vikersund 2010/11 Norwegia Johan Remen Evensen
52%
1 5 3 Lillehammer 2015/16 Titisee-Neustadt 2015/16 Norwegia Kenneth Gangnes
52%
6 4 1 Trondheim 2002/03 Val di Fiemme 2007/08 Norwegia Sigurd Pettersen
51%
1 3 2 Wisła 2018/19 Ruka 2023/24 Niemcy Stephan Leyhe
51%
1 0 2 Sapporo 2005/06 Kuopio 2008/09 Japonia Takanobu Okabe
51%
3 5 7 Ruka 2007/08 Sapporo 2012/13 Norwegia Tom Hilde
51%
4 8 9 Kuopio 2000/01 Planica 2004/05 Austria Andreas Widhölzl
49%
0 1 2 Willingen 2023/24 Oslo 2023/24 Norwegia Kristoffer Eriksen Sundal
49%
0 2 4 Wisła 2012/13 Planica 2014/15 Norwegia Rune Velta
49%
1 3 0 Lillehammer 2019/20 Rasnov 2022/23 Słowenia Žiga Jelar
49%
1 0 0 Zakopane 2017/18 - Słowenia Anže Semenič
48%
0 0 1 Sapporo 2000/01 - Finlandia Jussi Hautamäki
48%
0 1 2 Garmisch-Partenkirchen 2007/08 Vikersund 2012/13 Niemcy Michael Neumayer
48%
1 2 2 Trondheim 2008/09 Lillehammer 2010/11 Finlandia Ville Larinto
47%
0 1 0 Lake Placid 2023/24 - Niemcy Philipp Raimund
46%
2 4 7 Harrachov 2000/01 Sapporo 2004/05 Finlandia Risto Jussilainen
46%
0 0 1 Ruka 2021/22 - Japonia Naoki Nakamura
45%
5 3 12 Kuopio 2001/02 Willingen 2004/05 Austria Martin Höllwarth
44%
0 0 1 Oberstdorf (duża) 2000/01 - Japonia Masahiko Harada
44%
0 0 1 Lahti (normalna) 2011/12 - Czechy Lukáš Hlava
43%
0 1 2 Klingenthal 2020/21 Planica 2020/21 Słowenia Bor Pavlovčič
42%
0 0 1 Lillehammer 2009/10 - Francja Emmanuel Chedal
41%
1 0 0 Klingenthal 2012/13 - Słowenia Jaka Hvala
41%
0 1 0 Garmisch-Partenkirchen 2010/11 - Rosja Paweł Karelin
40%
0 1 1 Sapporo 2009/10 Sapporo 2012/13 Niemcy Andreas Wank
37%
1 1 2 Lillehammer 2004/05 Innsbruck 2005/06 Norwegia Lars Bystøl
37%
1 1 0 Innsbruck 2003/04 Bischofshofen 2003/04 Słowenia Peter Žonta
37%
1 0 0 Zakopane 2006/07 - Słowenia Rok Urbanc
37%
0 2 0 Oslo 2000/01 Hakuba 2001/02 Austria Stefan Horngacher
37%
1 0 1 Titisee-Neustadt 2001/02 Engelberg 2001/02 Niemcy Stephan Hocke
37%
1 1 1 Lahti (duża) 2002/03 Zakopane 2005/06 Finlandia Tami Kiuru
37%
1 5 2 Innsbruck 2002/03 Oslo 2002/03 Austria Florian Liegl
36%
0 0 1 Oberstdorf (duża) 2006/07 - Włochy Andrea Morassi
34%
0 1 1 Ruka 2019/20 Niżny Tagił 2019/20 Austria Philipp Aschenwald
34%
1 0 0 Pragelato 2008/09 - Japonia Fumihisa Yumoto
32%
0 2 3 Oberstdorf (loty) 2000/01 Innsbruck 2003/04 Finlandia Veli-Matti Lindström
32%
0 1 3 Garmisch-Partenkirchen 2003/04 Garmisch-Partenkirchen 2004/05 Niemcy Georg Späth
31%
0 1 2 Hakuba 2002/03 Planica 2002/03 Japonia Hideharu Miyahira
31%
0 0 2 Planica 2000/01 Salt Lake City 2003/04 Norwegia Tommy Ingebrigtsen
31%
1 0 0 Ruka 2006/07 - Finlandia Arttu Lappi
29%
0 1 1 Kuopio 2003/04 Ruka 2004/05 Niemcy Alexander Herr
27%
0 1 0 Ruka 2013/14 - Niemcy Marinus Kraus
27%
1 0 1 Kuopio 2000/01 Willingen 2000/01 Finlandia Ville Kantee
27%
0 0 1 Sapporo 2000/01 - Finlandia Jani Soininen
25%
0 0 1 Trondheim 2003/04 - Niemcy Maximilian Mechler
23%
1 1 0 Hakuba 2002/03 Sapporo 2002/03 Austria Christian Nagiller
20%
0 0 1 Salt Lake City 2000/01 - Japonia Kazuya Yoshioka
20%
0 1 0 Ruka 2009/10 - Niemcy Pascal Bodmer
18%
0 0 1 Trondheim 2000/01 - Słowenia Igor Medved
17%
0 0 1 Niżny Tagił 2015/16 - Norwegia Joachim Hauer
17%
0 1 0 Engelberg 2002/03 - Austria Mathias Hafele
17%
Nie znaleziono quizów pasujących do podanych kryteriów
Rozkład punktacji
Procent ludzi z każdym wynikiem
Percentyl według liczby udzielonych odpowiedzi
Twoja historia wyników
Nie rozwiązałeś tego quizu od ostatniego zresetowania